| 000 | 00636nam a2200193 i 4500 | ||
|---|---|---|---|
| 001 | 28812 | ||
| 003 | ES-MaACL | ||
| 005 | 20251013220312.0 | ||
| 007 | t| | ||
| 008 | 030120s1893 sp ||||1| spa d | ||
| 100 | 1 |
_aBalaguer, Víctor, _d1824-1901 _924806 |
|
| 245 | 1 | 0 |
_aEpistolario _b: memorial de cosas que pasaron / _cVíctor Balaguer. |
| 260 |
_aMadrid : _bEl Progreso Editorial, _c1893. |
||
| 300 |
_a2 v., (361, 328 p.) ; _c19 cm. |
||
| 600 | 1 | 7 |
_aBalaguer, Víctor, _d1824-1901- _vCorrespondencia _2 _9162198 |
| 651 | 4 |
_aCataluña- _vMisceláneas. _9162199 |
|
| 852 |
_aES-MaACL _jG-14630-1 |
||
| 999 |
_c28812 _d28812 |
||